Statistics for Southeast Asian Countries Quiz

Click here to take the quiz!

General Stats

  • This quiz has been taken 142 times
    (44 since last reset)
  • The average score is 10 of 11

Answer Stats

Country% Correct
Indonesia
98%
Vietnam
98%
Cambodia
95%
Laos
95%
Malaysia
95%
Thailand
93%
Brunei
90%
Myanmar
90%
Singapore
90%
Philippines
85%
East Timor
83%

Score Distribution

Percentile by Number Answered

Percent of People with Each Score

Your Score History

You have not taken this quiz since the last reset